Codices Ferrajoli Recensuit Franciscus Aloisius Berra T. 2 Codices 737-977

Bibliographic Details
Other Authors: Berra, Franciscus Aloisius (rec)
Format: Book
Language:Latin
PhysicalDescription:[5], 819, [2] s. 4°
Published: [Vatican] Biblioteca Vaticana 1960

MARC

LEADER 00000nam a2200000 a 4500
001 vtls001274575
003 SK-MaSNL
005 20260301155129.0
008 251124s1960 VA 0 lat
035 |a SNK000225761 
040 |a SNK  |b slo  |c SNK  |e AACR2 
041 0 |a lat 
044 |a VA 
245 1 |a Codices Ferrajoli  |b Recensuit Franciscus Aloisius Berra  |n T. 2  |p Codices 737-977 
260 |a [Vatican]  |b Biblioteca Vaticana  |c 1960 
300 |a [5], 819, [2] s.  |c 4° 
700 1 |a Berra, Franciscus Aloisius  |4 rec  |9 455076 
958 |a RK 
999 |c 799613  |d 801543 
952 |t P60, <04>, [BOOK], {604}  |a SNK  |b SNK  |y VYP  |7 0  |o snkIB 23764/3  |i snkV 1820/70  |0 0  |1 0  |4 0  |d 1997-02-04  |l 0  |r 2005-01-02 00:00:00  |w 2026-02-24